000 00389nam a2200109Ia 4500
008 090122s9999 xx 000 0 und d
082 _b6911
_a920.71
245 _aपरमपूजनीय डॉ. हेडगेवार
630 _aपरमपूजनीय डॉ. हेडगेवार
730 _aपरमपूजनीय डॉ. हेडगेवार
942 _cBOOK
999 _c30988
_d30988